[Event "NCL967 Barbican-NW Eagles"]
[Site "Rd6"]
[Date "1997.??.??"]
[Round "6.6"]
[White "Sheldon, Ruth"]
[Black "Sands, David"]
[Result "1/2-1/2"]
[WhiteElo "2230"]
[BlackElo "2260"]
[PlyCount "40"]
[EventDate "1997.01.26"]
[Source "J.Saunders"]
[SourceDate "1998.06.06"]

1. d4 d5 2. c4 dxc4 3. e4 Nc6 4. Be3 Nf6 5. Nc3 e5 6. d5 Ne7 7. Bxc4 Ng6 8. Qb3
Bd6 9. Bb5+ Nd7 10. Rc1 O-O 11. g3 Nf6 12. f3 h6 13. Kf2 Qe7 14. Kg2 a6 15. Bd3
Bd7 16. Nge2 c6 17. dxc6 Bxc6 18. Na4 Rfd8 19. Rhd1 Nf8 20. Nb6 Rab8 1/2-1/2

[Event "NCL967 Barbican-NW Eagles"]
[Site "Rd6"]
[Date "1997.??.??"]
[Round "6.7"]
[White "Moore, John C"]
[Black "Smith, Alan A"]
[Result "0-1"]
[WhiteElo "2155"]
[BlackElo "2225"]
[PlyCount "86"]
[EventDate "1997.01.26"]
[Source "J.Saunders"]
[SourceDate "1998.06.06"]

1. e4 c5 2. Nc3 Nc6 3. g3 g6 4. Bg2 Bg7 5. d3 d6 6. f4 Nf6 7. Nf3 O-O 8. O-O
Rb8 9. h3 b5 10. a3 Bd7 11. Be3 b4 12. axb4 Rxb4 13. Ra2 Qb8 14. b3 Rc8 15. Qd2
Nd4 16. g4 Bc6 17. Ne2 Bxe4 18. Nexd4 cxd4 19. Nxd4 Bxg2 20. Qxg2 Nxg4 21. hxg4
Bxd4 22. Bxd4 Rxd4 23. Qf2 Qb6 24. Kh2 Rf8 25. Rfa1 e5 26. fxe5 dxe5 27. Ra6
Qd8 28. R1a4 Qg5 29. Rxd4 exd4 30. Qxd4 Qd2+ 31. Kg3 Re8 32. Rf6 Qxc2 33. Rf3
Qxb3 34. Qxa7 Qd5 35. Qc7 Rf8 36. Qf4 h5 37. gxh5 Qxh5 38. Rf2 Qd5 39. d4 Re8
40. Rh2 Qb3+ 41. Kh4 Qb1 42. Kg5 Re4 43. Qd2 Kg7 0-1

[Event "NCL967 Barbican-NW Eagles"]
[Site "Rd6"]
[Date "1997.??.??"]
[Round "6.8"]
[White "Giblin, William"]
[Black "Lang, Heather"]
[Result "1-0"]
[WhiteElo "2130"]
[BlackElo "2065"]
[PlyCount "63"]
[EventDate "1997.01.26"]
[Source "J.Saunders"]
[SourceDate "1998.06.06"]

1. d4 f5 2. Nc3 Nf6 3. Bg5 d5 4. Bxf6 exf6 5. e3 c6 6. Bd3 g6 7. Qf3 Bd6 8.
Nge2 Nd7 9. h3 Ne5 10. dxe5 fxe5 11. e4 fxe4 12. Nxe4 dxe4 13. Bxe4 Bd7 14.
O-O-O Qg5+ 15. Kb1 Bc7 16. Qa3 Qe7 17. Qxe7+ Kxe7 18. h4 Bf5 19. Ng3 Ke6 20.
Rde1 Rad8 21. h5 Rhf8 22. hxg6 hxg6 23. Rh6 Bxe4 24. Nxe4 Kf5 25. f3 Rh8 26.
g4+ Kf4 27. Rxg6 Kxf3 28. Rf6+ Kg2 29. Rf2+ Kh3 30. Rh1+ Kxg4 31. Rg1+ Kh3 32.
Ng5+ 1-0

[Event "NCL967 Bristol-Croydon"]
[Site "Rd6"]
[Date "1997.??.??"]
[Round "6.1"]
[White "Naylor, John"]
[Black "Beaumont, Chris"]
[Result "0-1"]
[WhiteElo "2295"]
[BlackElo "2330"]
[PlyCount "190"]
[EventDate "1997.01.26"]
[Source "J.Saunders"]
[SourceDate "1998.06.06"]

1. e4 c5 2. Nf3 g6 3. d4 Bg7 4. Nc3 cxd4 5. Nxd4 Nc6 6. Be3 Nf6 7. Be2 O-O 8.
O-O d5 9. exd5 Nxd5 10. Nxd5 Qxd5 11. Bf3 Qa5 12. Nxc6 bxc6 13. Qd2 Qxd2 14.
Bxd2 Rb8 15. Bc3 Bxc3 16. bxc3 Be6 17. Bxc6 Rfc8 18. Ba4 Rxc3 19. Bb3 Bf5 20.
Rfe1 Kf8 21. Rac1 Rbc8 22. Re2 a5 23. f3 R8c5 24. Kf2 Bd3 25. Re3 Bb5 26. a4
Bc6 27. Rxc3 Rxc3 28. Re1 Rc5 29. f4 f6 30. Rd1 Ke8 31. Rd2 g5 32. fxg5 Rxg5
33. g3 Rg4 34. c4 Re4 35. Rd3 Re5 36. Rc3 Kd7 37. Bc2 Kd6 38. Rb3 Kc5 39. Rb8
Kxc4 40. Rc8 Kd5 41. Bxh7 Bxa4 42. h4 Bd7 43. Rd8 Kc6 44. Bg6 Bf5 45. Bxf5
Rxf5+ 46. Ke3 Kc7 47. Re8 Kd7 48. Ra8 Ke6 49. g4 Rb5 50. h5 Kf7 51. Kf3 Kg7 52.
Ra7 Re5 53. Kf4 Kh6 54. Ra8 Rb5 55. Ra7 Re5 56. Ra8 Kh7 57. Ra7 Kg7 58. Ra8 Rb5
59. Ra7 Kf7 60. Kf3 Rb3+ 61. Kf4 Rb4+ 62. Kf5 a4 63. h6 Rb5+ 64. Kf4 Kg6 65.
Rxa4 Kxh6 66. Re4 Rb7 67. Kf5 Kg7 68. Re6 Rb5+ 69. Ke4 Rb4+ 70. Kf3 Kf7 71. Ra6
e5 72. Kg3 Kg6 73. Ra8 Rb3+ 74. Kh4 Rf3 75. Rg8+ Kf7 76. Ra8 Rf1 77. Kg3 Rd1
78. Ra3 Kg6 79. Ra8 Rd3+ 80. Kh4 Rf3 81. Rg8+ Kf7 82. Ra8 Ke6 83. Ra6+ Kd5 84.
Ra5+ Kd4 85. Ra4+ Kd3 86. Ra3+ Ke2 87. Ra2+ Kf1 88. Ra1+ Kg2 89. Ra2+ Rf2 90.
Ra4 Kf3 91. Ra3+ Kf4 92. Ra4+ e4 93. Kh3 Rf3+ 94. Kh4 Rf1 95. Kh3 Kf3 0-1

[Event "NCL967 Bristol-Croydon"]
[Site "Rd6"]
[Date "1997.??.??"]
[Round "6.3"]
[White "Harley, Andrew"]
[Black "Copeland, Graham"]
[Result "1/2-1/2"]
[WhiteElo "2265"]
[BlackElo "2335"]
[PlyCount "43"]
[EventDate "1997.01.26"]
[Source "J.Saunders"]
[SourceDate "1998.06.06"]

1. e4 c6 2. d4 d5 3. exd5 cxd5 4. c4 Nf6 5. Nc3 e6 6. Nf3 Bb4 7. Bd3 dxc4 8.
Bxc4 O-O 9. O-O b6 10. Bg5 Bb7 11. Qd3 Nbd7 12. Rac1 Rc8 13. a3 Bxc3 14. Rxc3
Be4 15. Qe2 h6 16. Bh4 Bd5 17. Rfc1 g5 18. Bg3 Ne4 19. R3c2 Nxg3 20. hxg3 Nf6
21. Bxd5 Rxc2 22. Qxc2 1/2-1/2

[Event "NCL967 Bristol-Croydon"]
[Site "Rd6"]
[Date "1997.??.??"]
[Round "6.4"]
[White "Mah, Karl"]
[Black "Ledger, Stephen"]
[Result "1/2-1/2"]
[WhiteElo "2245"]
[BlackElo "2250"]
[PlyCount "58"]
[EventDate "1997.01.26"]
[Source "J.Saunders"]
[SourceDate "1998.06.06"]

1. d4 Nf6 2. c4 c5 3. d5 b5 4. a4 bxc4 5. Nc3 d6 6. e4 Ba6 7. f4 Nbd7 8. Nf3
Qc7 9. Qc2 g6 10. Nd2 Bg7 11. Bxc4 Qb7 12. Bb5 Bxb5 13. axb5 O-O 14. Qa4 Rfb8
15. Qc4 Ne8 16. Ndb1 Nc7 17. Ra5 a6 18. bxa6 Rxa6 19. Rxa6 Qxa6 20. Qxa6 Nxa6
21. Ke2 Nb4 22. Na3 Nb6 23. g3 Ra8 24. g4 Na4 25. Nab5 Ra5 26. Rd1 Nc2 27. Kd2
Na1 28. Re1 Nb3+ 29. Kc2 Nxc3 1/2-1/2

[Event "NCL967 Bristol-Croydon"]
[Site "Rd6"]
[Date "1997.??.??"]
[Round "6.5"]
[White "Rosen, Daniel"]
[Black "Collier, David"]
[Result "1/2-1/2"]
[WhiteElo "2210"]
[BlackElo "2225"]
[PlyCount "54"]
[EventDate "1997.01.26"]
[Source "J.Saunders"]
[SourceDate "1998.06.06"]

1. e4 c5 2. f4 g6 3. Nf3 Bg7 4. Nc3 Nc6 5. Bc4 e6 6. O-O Nge7 7. d3 d5 8. Bb5
O-O 9. Bxc6 Nxc6 10. Qe1 a6 11. Kh1 b5 12. Qf2 b4 13. Na4 c4 14. exd5 exd5 15.
dxc4 dxc4 16. Nb6 Rb8 17. Nxc4 a5 18. Be3 Ba6 19. Rfd1 Qc8 20. Nb6 Qe6 21. Nd7
Bxb2 22. Nxb8 Rxb8 23. Nd4 Nxd4 24. Bxd4 Bxa1 25. Bxa1 Re8 26. Be5 Bb7 27. c3
Qc4 1/2-1/2

[Event "NCL967 Bristol-Croydon"]
[Site "Rd6"]
[Date "1997.??.??"]
[Round "6.6"]
[White "Phillips, Roy"]
[Black "Gunter, David"]
[Result "0-1"]
[WhiteElo "2120"]
[BlackElo "2155"]
[PlyCount "44"]
[EventDate "1997.01.26"]
[Source "J.Saunders"]
[SourceDate "1998.06.06"]

1. e4 e6 2. d3 d5 3. Nd2 Nf6 4. Ngf3 Bc5 5. g3 dxe4 6. dxe4 Ng4 7. c3 Bxf2+ 8.
Ke2 Bb6 9. Qc2 Ne3 10. Qb3 Na6 11. Nd4 Nc5 12. Qa3 Nxf1 13. Rxf1 e5 14. Nf5
Qd3+ 15. Ke1 Bxf5 16. Rxf5 Qe3+ 17. Kf1 Nd3 18. Qa4+ c6 19. Nc4 Qe1+ 20. Kg2
Qxe4+ 21. Rf3 Ne1+ 22. Kh3 Qxf3 0-1

[Event "NCL967 Bristol-Croydon"]
[Site "Rd6"]
[Date "1997.??.??"]
[Round "6.7"]
[White "McGrath, James"]
[Black "Buckley, Melanie"]
[Result "1/2-1/2"]
[WhiteElo "2088"]
[BlackElo "2040"]
[PlyCount "81"]
[EventDate "1997.01.26"]
[Source "J.Saunders"]
[SourceDate "1998.06.06"]

1. c4 e5 2. Nc3 d6 3. g3 f5 4. Bg2 Nf6 5. Nf3 Be7 6. O-O O-O 7. d4 Nbd7 8. Ng5
Nb6 9. Qb3 c5 10. dxe5 dxe5 11. Rd1 Qe8 12. Nb5 Qh5 13. Nxa7 Rxa7 14. Qxb6 Ra6
15. Qc7 Re8 16. Bxb7 Bxb7 17. Qxb7 Qxe2 18. Rd7 h6 19. Qxa6 Qe1+ 20. Kg2 hxg5
21. Qe6+ Kh8 22. Bxg5 Qxa1 23. Bxf6 Qe1 24. Bxe7 Qe4+ 25. Kf1 Qb1+ 26. Ke2 Qc2+
27. Ke1 Qb1+ 28. Rd1 Qe4+ 29. Kd2 Rb8 30. b3 Ra8 31. Kc3 Qf3+ 32. Rd3 Qe2 33.
Bxc5 Qe1+ 34. Rd2 Qc1+ 35. Kd3 Qf1+ 36. Re2 Qd1+ 37. Ke3 Qc1+ 38. Kf3 Qh1+ 39.
Ke3 Qe4+ 40. Kd2 Rxa2+ 41. Kc3 1/2-1/2

[Event "NCL967 Bristol-Croydon"]
[Site "Rd6"]
[Date "1997.??.??"]
[Round "6.8"]
[White "Grossett, D."]
[Black "Turvey, Syringa"]
[Result "1-0"]
[WhiteElo "1992"]
[BlackElo "1624"]
[PlyCount "67"]
[EventDate "1997.01.26"]
[Source "J.Saunders"]
[SourceDate "1998.06.06"]

1. e4 c5 2. Nf3 d6 3. d4 cxd4 4. Nxd4 Nf6 5. Nc3 a6 6. Be2 e6 7. Be3 Qc7 8. O-O
Nc6 9. f4 Nxd4 10. Bxd4 e5 11. Be3 Be6 12. Nd5 Qc6 13. Nxf6+ gxf6 14. Bf3 Rd8
15. f5 Bc4 16. Rf2 d5 17. exd5 Bxd5 18. Rd2 Bxf3 19. Rxd8+ Ke7 20. gxf3 Qc7 21.
Rd2 h5 22. Qe1 Ke8 23. Rad1 Be7 24. Qh4 b5 25. Qe4 Kf8 26. Qa8+ Kg7 27. Rg2+
Kh7 28. Qd5 Bb4 29. Qd7 Rc8 30. Qxc7 Rxc7 31. Rd8 Bc5 32. Bxc5 Rxc5 33. Rdg8
Kh6 34. h4 1-0

[Event "NCL967 Slough-Witney"]
[Site "Rd6"]
[Date "1997.??.??"]
[Round "6.1"]
[White "Ansell, Simon"]
[Black "Lalic, Bogdan"]
[Result "1/2-1/2"]
[WhiteElo "2420"]
[BlackElo "2565"]
[PlyCount "36"]
[EventDate "1997.01.26"]
[Source "J.Saunders"]
[SourceDate "1998.06.06"]

1. e4 Nf6 2. e5 Nd5 3. d4 d6 4. c4 Nb6 5. exd6 exd6 6. Nc3 Be7 7. Bd3 O-O 8.
Nge2 Nc6 9. h3 Bf6 10. O-O g6 11. Be3 Nb4 12. Bb1 Nxc4 13. Bh6 Nb6 14. Bxf8
Qxf8 15. Re1 d5 16. a3 Nc6 17. b4 Ne7 18. a4 a5 1/2-1/2

[Event "NCL967 Slough-Witney"]
[Site "Rd6"]
[Date "1997.??.??"]
[Round "6.2"]
[White "Kosten, Anthony"]
[Black "Haydon, Richard"]
[Result "1-0"]
[WhiteElo "2525"]
[BlackElo "2220"]
[PlyCount "67"]
[EventDate "1997.01.26"]
[Source "J.Saunders"]
[SourceDate "1998.06.06"]

1. c4 e5 2. Nc3 d6 3. g3 f5 4. Bg2 Nf6 5. d3 Be7 6. e4 fxe4 7. dxe4 O-O 8. Nge2
Nc6 9. O-O Nd7 10. Nd5 a5 11. Be3 Nc5 12. Nec3 Nb4 13. Nxe7+ Qxe7 14. a3 Nc6
15. Nd5 Qd8 16. b4 axb4 17. axb4 Rxa1 18. Qxa1 Nb3 19. Qa8 Ncd4 20. f4 exf4 21.
Nxf4 c6 22. Qa2 g5 23. Nh3 Rxf1+ 24. Bxf1 Nf3+ 25. Kh1 Nbd4 26. Nxg5 Nxg5 27.
Bxd4 c5 28. Bg1 Qf8 29. Bg2 Bh3 30. bxc5 dxc5 31. Bxh3 Nxh3 32. Qe2 h5 33. Kg2
Ng5 34. Qxh5 1-0

[Event "NCL967 Slough-Witney"]
[Site "Rd6"]
[Date "1997.??.??"]
[Round "6.4"]
[White "Lalic, Susan"]
[Black "Cooksey, Paul"]
[Result "0-1"]
[WhiteElo "2365"]
[BlackElo "2150"]
[PlyCount "114"]
[EventDate "1997.01.26"]
[Source "J.Saunders"]
[SourceDate "1998.06.06"]

1. e4 c5 2. c3 Nf6 3. e5 Nd5 4. d4 cxd4 5. Nf3 e6 6. cxd4 d6 7. a3 Bd7 8. Bd3
Bc6 9. O-O Nd7 10. Re1 Be7 11. Bc2 b5 12. Nbd2 Qc7 13. Nf1 Rc8 14. Ng3 N5b6 15.
Bd3 O-O 16. Ng5 Bxg5 17. Qh5 f5 18. exf6 Nxf6 19. Qxg5 Qd7 20. Nh5 Nxh5 21.
Qxh5 g6 22. Qg4 e5 23. Qxd7 Nxd7 24. Bh6 Rfe8 25. Rac1 a6 26. f4 e4 27. Bb1 d5
28. Rc3 Nb6 29. f5 Bd7 30. fxg6 Rxc3 31. bxc3 hxg6 32. Ba2 Be6 33. Kf2 Kh7 34.
Bd2 Rf8+ 35. Ke3 Kh6 36. Bb3 Kh5 37. Bd1+ Bg4 38. Bb3 Rf6 39. Rb1 g5 40. h3 Bd7
41. g4+ Kg6 42. Bd1 Nc4+ 43. Ke2 Rf3 44. Bb3 Nb6 45. Rg1 Rxh3 46. Be1 a5 47.
Kd2 Rh2+ 48. Kc1 a4 49. Bd1 Nc4 50. Rf1 Rh8 51. Be2 Nxa3 52. Bg3 Rc8 53. Be5
Rxc3+ 54. Kb2 b4 55. Rf6+ Kh7 56. Ba6 Rc2+ 57. Ka1 b3 0-1

[Event "NCL967 Slough-Witney"]
[Site "Rd6"]
[Date "1997.??.??"]
[Round "6.5"]
[White "Truran, Michael"]
[Black "Houska, Miroslav"]
[Result "1/2-1/2"]
[WhiteElo "2255"]
[BlackElo "2265"]
[PlyCount "96"]
[EventDate "1997.01.26"]
[Source "J.Saunders"]
[SourceDate "1998.06.06"]

1. d4 d5 2. c4 c6 3. cxd5 cxd5 4. Nc3 Nc6 5. Bf4 Nf6 6. e3 Bf5 7. Nf3 e6 8. Ne5
Qb6 9. Bb5 a6 10. Bxc6+ bxc6 11. O-O Be7 12. Na4 Qb5 13. Rc1 Rc8 14. g4 Bg6 15.
h4 h5 16. g5 Ne4 17. Nxg6 fxg6 18. Qc2 Kf7 19. f3 Nd6 20. Bxd6 Bxd6 21. f4 Rc7
22. Rf2 c5 23. Nc3 Qd7 24. Qd3 Rc6 25. Ne2 Rhc8 26. dxc5 Bxc5 27. Kg2 Qa7 28.
Rf3 Qb7 29. b3 Qb4 30. Rff1 Ba7 31. Rxc6 Rxc6 32. Rd1 Qb5 33. Kf3 Qa5 34. Rd2
Rc7 35. Kf2 Qb4 36. Rc2 Rxc2 37. Qxc2 Qd6 38. Qc3 Bb8 39. Nc1 e5 40. Qxe5 Qxe5
41. fxe5 Bxe5 42. Ne2 Ke7 43. Nd4 Kd6 44. Nf3 Ba1 45. Ne1 Ke5 46. Nd3+ Kf5 47.
Kf3 Bc3 48. b4 Ke6 1/2-1/2

[Event "NCL967 Slough-Witney"]
[Site "Rd6"]
[Date "1997.??.??"]
[Round "6.6"]
[White "Smith, Andrew P"]
[Black "Hackett, Dave"]
[Result "1-0"]
[WhiteElo "2265"]
[BlackElo "2000"]
[PlyCount "67"]
[EventDate "1997.01.26"]
[Source "J.Saunders"]
[SourceDate "1998.06.06"]

1. e4 e6 2. d4 d5 3. Nc3 Bb4 4. e5 c5 5. a3 Bxc3+ 6. bxc3 Qc7 7. Qg4 f6 8. Nf3
Nc6 9. Qg3 Qf7 10. dxc5 Nge7 11. Bd3 Ng6 12. exf6 gxf6 13. c4 dxc4 14. Bxc4 Rg8
15. O-O Nge5 16. Nxe5 Nxe5 17. Bb5+ Ke7 18. Qh3 a6 19. f4 Ng4 20. Bc4 b5 21.
cxb6 Bb7 22. Bd2 Bxg2 23. Kxg2 Ne3+ 24. Kf2 Nxc4 25. Bb4+ Ke8 26. Qf3 Nxb6 27.
Qc6+ Qd7 28. Qxb6 Rc8 29. Rad1 Qc6 30. Rd8+ Kf7 31. Qxc6 Rxc6 32. Rd7+ Ke8 33.
Rfd1 Rxc2+ 34. Kf3 1-0

[Event "NCL967 Slough-Witney"]
[Site "Rd6"]
[Date "1997.??.??"]
[Round "6.8"]
[White "Houska, Jovanka"]
[Black "Houska, Ivana"]
[Result "1-0"]
[WhiteElo "2115"]
[BlackElo "1408"]
[PlyCount "75"]
[EventDate "1997.01.26"]
[Source "J.Saunders"]
[SourceDate "1998.06.06"]

1. e4 e5 2. Nf3 Nc6 3. d4 exd4 4. c3 d6 5. cxd4 Nf6 6. Nc3 Be7 7. Bc4 Bg4 8.
Be3 O-O 9. Qc2 Nb4 10. Qb3 c5 11. e5 dxe5 12. Nxe5 Bh5 13. dxc5 Nc6 14. Nxc6
bxc6 15. h3 Rb8 16. Qc2 Bg6 17. Qc1 Ne4 18. Nxe4 Bxe4 19. O-O Bf6 20. Bb3 Be5
21. Bf4 Qf6 22. Bxe5 Qxe5 23. Re1 Rfe8 24. Qe3 Rbd8 25. f3 Rd3 26. Qxd3 Bxd3
27. Rxe5 Rxe5 28. Rd1 Rxc5 29. Rxd3 g6 30. Rd7 Rf5 31. Rxa7 c5 32. a4 Kf8 33.
Rxf7+ Rxf7 34. Bxf7 Kxf7 35. a5 Ke6 36. a6 Kd5 37. a7 Kd4 38. a8=Q 1-0

[Event "NCL967 Invicta Kts-Wood Green"]
[Site "Rd6"]
[Date "1997.??.??"]
[Round "6.2"]
[White "Levitt, Jon"]
[Black "McDonald, Neil"]
[Result "1-0"]
[WhiteElo "2435"]
[BlackElo "2500"]
[PlyCount "187"]
[EventDate "1997.01.26"]
[Source "J.Saunders"]
[SourceDate "1998.06.06"]

1. d4 d5 2. c4 c6 3. cxd5 cxd5 4. Bf4 Nf6 5. Nc3 Nc6 6. e3 a6 7. Bd3 e6 8. Rc1
Bd7 9. Nf3 Be7 10. Ne5 Rc8 11. O-O O-O 12. Bg5 Ne8 13. Bxe7 Qxe7 14. Nxd7 Qxd7
15. Na4 Qe7 16. Nc5 Nd6 17. Qa4 e5 18. dxe5 Nxe5 19. Qd4 Ndc4 20. Bxc4 Nxc4 21.
Nd3 Qe4 22. b3 Qxd4 23. exd4 Na3 24. Rc5 Nb5 25. Rxd5 Rfd8 26. Rxd8+ Rxd8 27.
Nc5 Rxd4 28. Nxb7 Rd2 29. Ra1 Nc3 30. a3 Kf8 31. b4 Nb5 32. h3 Rd3 33. Nc5 Rxa3
34. Rxa3 Nxa3 35. Nxa6 Ke7 36. Nc5 Kd6 37. Ne4+ Kd5 38. Ng5 Nc2 39. b5 Nd4 40.
b6 Kc6 41. Nxf7 Kxb6 42. f3 Kc6 43. Kf2 Kd7 44. Ke3 Ne6 45. f4 Ke7 46. Ne5 Kf6
47. Nd7+ Ke7 48. Nb6 Kf7 49. g3 Kf6 50. Nd5+ Kf7 51. Ke4 Nc5+ 52. Kd4 Nd7 53.
Ne3 Ke6 54. Ng4 Kf5 55. Ne3+ Ke6 56. g4 Nf8 57. Nd5 Kf7 58. Ke5 Ng6+ 59. Kf5
Nf8 60. Ne3 Ne6 61. Nc4 Nd4+ 62. Ke4 Ne6 63. Ke5 Nc5 64. Kd5 Ne6 65. Ke5 Nc5
66. h4 Ke7 67. f5 Nd7+ 68. Kf4 h6 69. Ne3 Kf7 70. Nd5 Nc5 71. Ke3 Nd7 72. Nf4
Ne5 73. g5 hxg5 74. hxg5 Nc4+ 75. Kd4 Nd2 76. Ke3 Nc4+ 77. Kf3 Nd6 78. Kg4 Nc4
79. g6+ Ke7 80. Nh5 Kf8 81. Kg5 Ne5 82. Kf4 Nc4 83. Ke4 Nd6+ 84. Ke5 Ne8 85.
Ke6 Nc7+ 86. Kd6 Nb5+ 87. Ke5 Nc7 88. Kd6 Nb5+ 89. Kd5 Nc3+ 90. Ke5 Kg8 91. Ke6
Ne4 92. Ke7 Kh8 93. f6 gxf6 94. Kf8 1-0

[Event "NCL967 Invicta Kts-Wood Green"]
[Site "Rd6"]
[Date "1997.??.??"]
[Round "6.3"]
[White "Ward, Chris"]
[Black "Emms, John"]
[Result "1/2-1/2"]
[WhiteElo "2460"]
[BlackElo "2500"]
[PlyCount "202"]
[EventDate "1997.01.26"]
[Source "J.Saunders"]
[SourceDate "1998.06.06"]

1. e4 d5 2. exd5 Qxd5 3. Nc3 Qa5 4. g3 Nf6 5. Bg2 c6 6. Nf3 Bg4 7. h3 Bxf3 8.
Qxf3 e6 9. O-O Nbd7 10. d4 Bd6 11. Ne4 Nxe4 12. Qxe4 O-O 13. c4 Rad8 14. Qc2
Rfe8 15. Bd2 Qc7 16. Rfe1 Be7 17. Rad1 Nf8 18. Bc3 Bf6 19. Rd3 Ng6 20. Be4 Re7
21. Red1 Red7 22. Qa4 Qb8 23. Qa5 Ne7 24. Qh5 g6 25. Qe2 Bg7 26. Ba5 b6 27. Bc3
b5 28. b3 bxc4 29. bxc4 Qb6 30. Qd2 Qa6 31. Ba5 Re8 32. Rc1 Rxd4 33. Rxd4 Bxd4
34. Qxd4 Qxa5 35. Qd7 Kf8 36. Rd1 Qc5 37. Qd4 Qxd4 38. Rxd4 Rb8 39. Rd7 a5 40.
Ra7 Rb4 41. Rxa5 Rxc4 42. Bd3 Rc1+ 43. Kg2 c5 44. a4 Nd5 45. Ra8+ Ke7 46. a5 c4
47. Rc8 c3 48. a6 Nb4 49. a7 Ra1 50. Rc7+ Kd6 51. Rxc3 Rxa7 52. h4 h6 53. Rb3
Ke5 54. Rc3 Kd6 55. Rb3 Nd5 56. Rb8 Ra2 57. Rb7 Rd2 58. Be4 Ne3+ 59. Kg1 Rd1+
60. Kh2 Ng4+ 61. Kg2 Ne5 62. f4 Nd7 63. Ra7 Rd2+ 64. Kg1 Rb2 65. Ra6+ Nb6 66.
Ra7 Nd7 67. Ra6+ Rb6 68. Ra7 h5 69. Kg2 Rb2+ 70. Kg1 Rd2 71. Bg2 e5 72. Bh3 Kc6
73. Bxd7+ Rxd7 74. Ra6+ Kd5 75. fxe5 Kxe5 76. Kg2 Rd5 77. Rb6 f6 78. Kf3 Rd3+
79. Kf2 Kf5 80. Rb4 Rc3 81. Rf4+ Ke5 82. Ra4 Rd3 83. Kg2 Rd4 84. Ra5+ Ke4 85.
Ra6 Kf5 86. Kh3 Re4 87. Ra5+ Re5 88. Ra3 g5 89. hxg5 fxg5 90. g4+ hxg4+ 91. Kg3
Rb5 92. Rc3 Kg6 93. Kxg4 Rb4+ 94. Kg3 Kh5 95. Ra3 Rg4+ 96. Kh3 Rh4+ 97. Kg3 Rb4
98. Re3 Rb5 99. Ra3 g4 100. Rc3 Kg5 101. Ra3 Rc5 1/2-1/2

[Event "NCL967 Invicta Kts-Wood Green"]
[Site "Rd6"]
[Date "1997.??.??"]
[Round "6.4"]
[White "Littlewood, Paul"]
[Black "Ivanov, Alexei"]
[Result "1/2-1/2"]
[WhiteElo "2440"]
[BlackElo "2430"]
[PlyCount "52"]
[EventDate "1997.01.26"]
[Source "J.Saunders"]
[SourceDate "1998.06.06"]

1. d4 Nf6 2. c4 e6 3. Nf3 Bb4+ 4. Bd2 Qe7 5. Nc3 b6 6. e3 Bxc3 7. Bxc3 Ne4 8.
Rc1 Bb7 9. Be2 O-O 10. O-O d6 11. Be1 Nd7 12. Nd2 e5 13. d5 Nxd2 14. Qxd2 a5
15. e4 Nc5 16. Qe3 Bc8 17. b3 f5 18. exf5 Bxf5 19. a3 Qf6 20. b4 axb4 21. axb4
Nd7 22. Bc3 Qg6 23. Ra1 Nf6 24. Bb2 Nh5 25. Bxh5 Qxh5 26. f3 Qg6 1/2-1/2

[Event "NCL967 Invicta Kts-Wood Green"]
[Site "Rd6"]
[Date "1997.??.??"]
[Round "6.5"]
[White "Gormally, Danny"]
[Black "Law, Andrew"]
[Result "1-0"]
[WhiteElo "2300"]
[BlackElo "2370"]
[PlyCount "72"]
[EventDate "1997.01.26"]
[Source "J.Saunders"]
[SourceDate "1998.06.06"]

1. d4 d5 2. c4 dxc4 3. e4 Nf6 4. e5 Nd5 5. Bxc4 Nb6 6. Bb3 Nc6 7. Ne2 Bf5 8.
Be3 e6 9. Nbc3 Be7 10. O-O Qd7 11. Ng3 Bg6 12. f4 Na5 13. d5 Nxb3 14. Qxb3 Bd3
15. Rfd1 Bc4 16. dxe6 Qxe6 17. Qc2 O-O 18. Qe4 Qc6 19. b3 Bc5 20. Bxc5 Qxc5+
21. Qd4 Qxd4+ 22. Rxd4 Be6 23. Nge4 Rfd8 24. Rad1 Rxd4 25. Rxd4 Bd7 26. Nc5 Bc6
27. b4 Rb8 28. a4 Kf8 29. b5 Be8 30. a5 Na8 31. Nd7+ Bxd7 32. Rxd7 a6 33. bxa6
bxa6 34. Ne4 Re8 35. Nc5 Re7 36. Rd3 Ke8 1-0

[Event "NCL967 Invicta Kts-Wood Green"]
[Site "Rd6"]
[Date "1997.??.??"]
[Round "6.6"]
[White "Sowray, Peter"]
[Black "Berend Sakhatova, Elvira"]
[Result "0-1"]
[WhiteElo "2350"]
[BlackElo "2325"]
[PlyCount "74"]
[EventDate "1997.01.26"]
[Source "J.Saunders"]
[SourceDate "1998.06.06"]

1. e4 c5 2. Nf3 d6 3. d4 cxd4 4. Nxd4 Nf6 5. Nc3 a6 6. Be2 e5 7. Nb3 Be7 8. O-O
O-O 9. Kh1 b5 10. a4 Bb7 11. Nd5 Nbd7 12. Be3 Nxd5 13. exd5 Nf6 14. axb5 axb5
15. Qd2 Nxd5 16. Bxb5 Nxe3 17. fxe3 Qb6 18. Rxa8 Bxa8 19. Bc4 Bg5 20. Rd1 Rd8
21. Rf1 d5 22. Qf2 Rf8 23. Bd3 e4 24. Qf5 Bxe3 25. Be2 Qc7 26. c3 Ba7 27. Qh3
Qb8 28. Bd1 Bc6 29. Qf5 g6 30. Qf6 Bb5 31. Rf5 Qd8 32. Qxd8 Rxd8 33. Re5 Ba4
34. Re7 Bb6 35. Rb7 Rd6 36. g3 e3 37. Re7 Re6 0-1

[Event "NCL967 Invicta Kts-Wood Green"]
[Site "Rd6"]
[Date "1997.??.??"]
[Round "6.7"]
[White "Gurr, Lyndon"]
[Black "Lee, Graham"]
[Result "1/2-1/2"]
[WhiteElo "2048"]
[BlackElo "2375"]
[PlyCount "151"]
[EventDate "1997.01.26"]
[Source "J.Saunders"]
[SourceDate "1998.06.06"]

1. d4 Nf6 2. Nf3 e6 3. c4 b6 4. g3 Ba6 5. b3 Bb4+ 6. Bd2 Be7 7. Bg2 d5 8. cxd5
exd5 9. O-O O-O 10. Nc3 Re8 11. Rc1 c6 12. Re1 Nbd7 13. Qc2 Ba3 14. Rcd1 Bb4
15. a3 Bf8 16. e4 dxe4 17. Nxe4 Nxe4 18. Rxe4 Rxe4 19. Qxe4 Bb7 20. Ng5 Nf6 21.
Qd3 h6 22. Ne4 Nd5 23. b4 Qd7 24. Nc3 Nf6 25. Ne4 Be7 26. Qf3 Nd5 27. Nc3 Nxc3
28. Qxc3 Bf6 29. Be3 Rd8 30. Qc4 Rc8 31. Rc1 g5 32. Be4 Kg7 33. Qd3 Rd8 34. Bf5
Qd6 35. Be4 Bxd4 36. Bxd4+ Qxd4 37. Qxd4+ Rxd4 38. Bxc6 Bxc6 39. Rxc6 Rd3 40.
a4 Ra3 41. a5 bxa5 42. bxa5 Rxa5 43. Rc7 Ra6 44. Kg2 Kg6 45. Rb7 f6 46. Rc7 Kf5
47. Rh7 Kg6 48. Rc7 f5 49. Rb7 Kf6 50. Rh7 Ke5 51. Re7+ Kf6 52. Rh7 Kg6 53. Rc7
f4 54. gxf4 gxf4 55. Kf3 Ra4 56. Kg4 h5+ 57. Kf3 Kg5 58. Rg7+ Kh4 59. Rh7 a5
60. Rf7 Rb4 61. Rf5 a4 62. Ra5 Rc4 63. Kg2 Kg4 64. h3+ Kh4 65. Kf3 Rc3+ 66.
Kxf4 a3 67. f3 Rb3 68. Ke4 Kg3 69. f4 h4 70. f5 Kxh3 71. f6 Kg4 72. Ra8 Rb4+
73. Ke5 Rb5+ 74. Ke6 Rb6+ 75. Ke7 Rb7+ 76. Ke6 1/2-1/2

[Event "NCL967 Invicta Kts-Wood Green"]
[Site "Rd6"]
[Date "1997.??.??"]
[Round "6.8"]
[White "Pert, Richard"]
[Black "Harakis, Alexis"]
[Result "1-0"]
[WhiteElo "2165"]
[BlackElo "2175"]
[PlyCount "71"]
[EventDate "1997.01.26"]
[Source "J.Saunders"]
[SourceDate "1998.06.06"]

1. e4 e6 2. d4 d5 3. Nd2 Nf6 4. e5 Nfd7 5. Bd3 c5 6. c3 Nc6 7. Ne2 cxd4 8. cxd4
f6 9. exf6 Qxf6 10. Nf3 h6 11. O-O Bd6 12. Bc2 O-O 13. Be3 Rd8 14. Qd2 Nf8 15.
Bf4 Bxf4 16. Nxf4 Bd7 17. Rfe1 Rac8 18. Rac1 Be8 19. Qe3 g5 20. Nd3 Bg6 21. Ba4
Ne7 22. Nde5 Be4 23. Rxc8 Rxc8 24. Nd2 Bf5 25. h3 Rc7 26. f4 Nc8 27. Rf1 Nd6
28. Bb3 Rg7 29. fxg5 Qxg5 30. Qxg5 Rxg5 31. Kh2 Ng6 32. Ndf3 Nxe5 33. dxe5 Nf7
34. Nxg5 hxg5 35. Bxd5 Nxe5 36. Rxf5 1-0

[Event "NCL967 Hertford-Richmond"]
[Site "Rd6"]
[Date "1997.??.??"]
[Round "6.1"]
[White "Knott, Simon"]
[Black "Williams, Simon"]
[Result "1/2-1/2"]
[WhiteElo "2335"]
[BlackElo "2350"]
[PlyCount "85"]
[EventDate "1997.01.26"]
[Source "J.Saunders"]
[SourceDate "1998.06.06"]

1. c4 e6 2. Nc3 f5 3. g3 Nf6 4. Bg2 d5 5. d4 c6 6. Nh3 Bd6 7. O-O O-O 8. Bf4
Be7 9. Qb3 b6 10. cxd5 exd5 11. Be5 Kh8 12. Nf4 a5 13. Na4 b5 14. Nc5 Bxc5 15.
dxc5 Na6 16. Bd4 Qe7 17. Rac1 Nc7 18. e3 b4 19. Rfe1 Ba6 20. Qc2 Rae8 21. Qxf5
Nb5 22. Qb1 Ne4 23. f3 Nd2 24. Qc2 Nc4 25. Qf2 a4 26. Bf1 Qf7 27. h4 Bc8 28.
Kg2 Nc7 29. e4 Ne6 30. Nxe6 Bxe6 31. Bxc4 dxc4 32. Rcd1 Qh5 33. f4 c3 34. bxc3
b3 35. a3 Bc4 36. Kg1 Qg4 37. Rd2 Rf7 38. f5 Rxe4 39. Rxe4 Qxe4 40. f6 Bd5 41.
Qe3 gxf6 42. Qxe4 Bxe4 43. c4 1/2-1/2